000 01876cam a22005294i 4500
003 PE-LiUPU
005 20250731165511.0
008 180226s2014 sp rb 000 0 spa d
020 _a9788428398244
035 _a(Sirsi) a241272
040 _aPE-LiUPU
_bspa
_cPE-LiUPU
_erda
049 _aPRUA
082 0 4 _a004.65
_bP59
_221
100 1 _aPiñeiro Gómez, José Manuel,
_eautor.
245 1 0 _aDefinición y manipulación de datos /
_cJosé Manuel Piñeiro Gómez.
264 1 _aMadrid :
_bParaninfo,
_c2014.
300 _a197 páginas :
_bilustraciones ;
_c24 centímetros
336 _atext
_2rdacontent
337 _aunmediated
_2rdamedia
338 _avolume
_2rdacarrier
504 _aBibliografía : páginas 197.
505 0 _aLenguajes relacionales -- Tipos de lenguaje relacionales -- Operaciones en el modelo relacional -- Álgebra relacional -- El lenguaje de definición de datos -- Tipos de datos del lenguaje -- El lenguaje de manipulación de la base de datos.
526 _aSEG44
526 _aSEG26
526 _aP151
526 _aP150
526 _aP149
526 _aP146
526 _aP145
526 _aP126
526 _aP125
526 _aP92
526 _aP75
526 _aP74
526 _aP27
526 _aP15
541 _g0001-0042353;
650 0 4 _aProgramación de ordenadores.
650 0 4 _aBases de datos relacionales.
650 0 4 _aComputer programming.
650 0 4 _aRelational databases.
910 _adbm
_bksl
_cksl
_d20180226
942 _2ddc
_cBOOK
994 _aC0
_bPEPRU
596 _a1
999 _a004.65 P59
_wLC
_c26914
_i78126
_d26914
_e2019-3-22
_f2022-4-11
_g4
_lCCODEBUL1
_mBUL
_n2
_p23.47
_r1
_sY
_tBOOK
_u2018-2-12
_xINGENIERIA
_PP27
_0COMPRA
_o.STAFF. Colección Ingeniería y Arquitectura
980 _81
_gALBERTO SANCHEZ Responsable de Automatización